Executive actions / (Registro nro. 30037)
[ vista simple ]
| 000 -LEADER | |
|---|---|
| fixed length control field | 01223nam a22001697a 4500 |
| 003 - CONTROL NUMBER IDENTIFIER | |
| control field | OSt |
| 005 - DATE AND TIME OF LATEST TRANSACTION | |
| control field | 20250619115149.0 |
| 008 - FIXED-LENGTH DATA ELEMENTS--GENERAL INFORMATION | |
| fixed length control field | 230518t2004 |||||||| |||| 00| f eng d |
| 020 ## - INTERNATIONAL STANDARD BOOK NUMBER | |
| International Standard Book Number | 1596871318 |
| 040 ## - CATALOGING SOURCE | |
| Original cataloging agency | CO-JMCR |
| Language of cataloging | spa |
| Transcribing agency | CO-JMCR |
| 041 0# - LANGUAGE CODE | |
| Language code of text/sound track or separate title | eng |
| 082 ## - DEWEY DECIMAL CLASSIFICATION NUMBER | |
| Classification number | A-N |
| Item number | GROe |
| Edition number | 23 |
| 100 1# - MAIN ENTRY--PERSONAL NAME | |
| Personal name | Grossman, Gary / |
| Relator term | autor |
| 9 (RLIN) | 42739 |
| 245 10 - TITLE STATEMENT | |
| Title | Executive actions / |
| Statement of responsibility, etc. | Gary Grossman |
| 520 ## - SUMMARY, ETC. | |
| Summary, etc. | In the midst of a heated presidential campaing, Secret Service Agent Scott Roarke gets an assignment that turns his world upside down - and his investigation uncovers a plot so monstrous that it could change the course of America's future.<br/><br/>Through a seemingly innoucuous piece of evidence, Roarke discovers that the presidency is the ultimate prize in a secret high-stakes international plot. It is a power play so well-conceived that even the U.S. Constitution itself is a tool designed to guarantee the plot's success.<br/><br/>Boston attorney Katie Kessler joins Scott in his quest to prevent the unthinkable - the control of the office of the President of the United States by a hostile foreign power. With the election clock ticking, they also know that it will take a miracle to stop the takeover from happening |
| 942 ## - ADDED ENTRY ELEMENTS (KOHA) | |
| Source of classification or shelving scheme | Dewey Decimal Classification |
| Koha item type | Books |
| Withdrawn status | Lost status | Source of classification or shelving scheme | Damaged status | Not for loan | Home library | Current library | Shelving location | Date acquired | Total Checkouts | Full call number | Barcode | Date last seen | Copy number | Price effective from | Koha item type |
|---|---|---|---|---|---|---|---|---|---|---|---|---|---|---|---|
| Dewey Decimal Classification | Biblioteca Pública José María del Castillo y Rada | Biblioteca Pública José María del Castillo y Rada | New Materials Shelf | 05/18/2023 | A-N GROe | 201811869 | 05/18/2023 | Ej.1 | 05/18/2023 | Books |